000 00528nam a2200181Ia 4500
008 090124s9999 xx 000 0 und d
082 _b32099
100 _aकाऴे वैज़यंती
245 _a मोरपंखी
250 _a1
260 _bदिलीप प्रकाशन
_c1994
300 _a269
600 _aकाऴे वैज़यंती
630 _a मोरपंखी
700 _aकाऴे वैज़यंती
730 _a मोरपंखी
942 _cBOOK
999 _c97878
_d97878